Political Parties in the American Mold
Guardado en:
| Autor principal: | |
|---|---|
| Formato: | Libro |
| Lenguaje: | inglés |
| Publicado: |
Madison
The University of Wisconsin Press
1986
|
| Edición: | 1. ed. |
| Materias: | |
| Etiquetas: |
Sin Etiquetas, Sea el primero en etiquetar este registro!
|
MARC
| LEADER | 00000nam a2200000 4500 | ||
|---|---|---|---|
| 001 | c011794 | ||
| 005 | 20221207074024.5 | ||
| 020 | |a 0-299-10700-0 | ||
| 041 | 0 | |a eng | |
| 044 | |a US | ||
| 245 | 1 | 0 | |a Political Parties in the American Mold |c Leon D. Epstein |
| 250 | |a 1. ed. | ||
| 264 | 1 | |a Madison |b The University of Wisconsin Press |c 1986 | |
| 300 | |a 440 s. | ||
| 610 | 2 | 0 | |a strany politické |
| 610 | 2 | 0 | |a politika |
| 610 | 2 | 0 | |a vláda |
| 610 | 2 | 0 | |a USA |
| 100 | 1 | |a Epstein, Leon D. | |